[Event "EU-chB16"]
[Site "Herceg Novi MNE"]
[Date "2006.09.12"]
[Round "3"]
[White "Inants,A"]
[Black "Vila Gazquez,Ja"]
[Result "0-1"]
[WhiteElo "2178"]
[BlackElo "2345"]

1.e4 c5 2.Nc3 Nc6 3.Bb5 Na5 4.Nf3 a6 5.Be2 b5 6.d4 cxd4 7.Nxd4 Bb7 8.O-O e6
9.Bf3 b4 10.Nce2 Ne7 11.c3 Ng6 12.Bd2 bxc3 13.Bxc3 Qb6 14.Qa4 Nc6 15.Bh5 Nxd4
16.Nxd4 Qc5 17.Bxg6 hxg6 18.Rad1 Bd6 19.h3 Rxh3 20.f4 Rh5 21.Rf2 Qc7 22.e5 Bc5
23.Ba5 Bc6 24.Bxc7 Bxa4 25.b3 Bc6 26.Rc2 Ba7 27.Bd6 g5 28.fxg5 Rxg5 29.Rdd2 f6
30.Bc5 Bxc5 31.Rxc5 Bd5 32.exf6 gxf6  0-1

[Event "EU-chB16"]
[Site "Herceg Novi MNE"]
[Date "2006.09.12"]
[Round "3"]
[White "Salgado Lopez,I"]
[Black "Chirila,I"]
[Result "0-1"]
[WhiteElo "2411"]
[BlackElo "2292"]

1.e4 c5 2.Nf3 Nc6 3.Nc3 e5 4.Bc4 d6 5.d3 Be7 6.Nd5 Nf6 7.Nxe7 Qxe7 8.a3 Be6
9.Bxe6 Qxe6 10.O-O O-O 11.Ng5 Qe7 12.f4 exf4 13.Bxf4 h6 14.Nf3 d5 15.e5 Nd7
16.Qe1 Rfe8 17.Qg3 Qe6 18.Rae1 Nf8 19.h4 Qg6 20.Qf2 Ne6 21.Be3 b6 22.Kh1 Re7
23.g4 Nf8 24.Qg3 h5 25.Bg5 Re6 26.Rg1 Rae8 27.b4 hxg4 28.b5 gxf3 29.bxc6 Qf5
30.Rgf1 Rxc6 31.Rxf3 Qg6 32.Ref1 Ne6 33.Rf5 Nxg5 34.hxg5 Re7 35.R1f3 Kf8
36.Qg4 Qe6 37.Rh3 Ke8 38.Rh7 g6 39.Qa4 gxf5 40.Rh6 Kd8 41.Rxe6 Rcxe6 42.d4 cxd4
43.Qxd4 Rxe5 44.c4 f4 45.Qxf4 dxc4 46.Qxc4 Rxg5 47.Qc6 Rc5 48.Qa8+ Rc8 49.Qd5+ Kc7
50.a4 a5 51.Qg5 Rd7 52.Qf6 Kb7 53.Qf3+ Ka7 54.Qe3 Rc4 55.Qe8 Rdc7 56.Qb5 Rb4
57.Qe5 Rb1+  0-1

[Event "ProMoPro Open"]
[Site "Prague CZE"]
[Date "2006.09.12"]
[Round "4"]
[White "Wichs,J"]
[Black "Slechta,K"]
[Result "1-0"]
[WhiteElo "2093"]
[BlackElo "1935"]

1.e4 c5 2.Nf3 Nc6 3.Nc3 d6 4.d4 cxd4 5.Nxd4 Nf6 6.Bc4 Bd7 7.Bb3 g6 8.f3 Bg7
9.Be3 O-O 10.Qd2 Qa5 11.O-O-O Rfc8 12.Kb1 Ne5 13.g4 Nc4 14.Bxc4 Rxc4 15.Nb3 Rac8  1-0

[Event "Mitropa Cup Men"]
[Site "Brno CZE"]
[Date "2006.09.13"]
[Round "7"]
[White "Kanovsky,D"]
[Black "Banusz,T"]
[Result "1-0"]
[WhiteElo "2368"]
[BlackElo "2480"]

1.e4 c5 2.Nf3 Nc6 3.Nc3 e5 4.Bc4 d6 5.d3 Be7 6.Nd2 Nf6 7.Nf1 Bg4 8.f3 Be6
9.Ne3 O-O 10.O-O Rb8 11.a4 Nb4 12.Qe2 Nd7 13.Ncd5 Bxd5 14.Nxd5 Nxd5 15.Bxd5 Bg5
16.f4 Bxf4 17.Bxf4 exf4 18.Rxf4 Ne5 19.Raf1 Rc8 20.Kh1 Rc7 21.c3 g6 22.d4 cxd4
23.cxd4 Nc6 24.Qc4 Kg7 25.b4 f6 26.Rc1 Qe7 27.Be6 Kh8 28.d5  1-0

[Event "EU-chG18"]
[Site "Herceg Novi MNE"]
[Date "2006.09.13"]
[Round "4"]
[White "Gjorgjieva,I"]
[Black "Khudaya,A"]
[Result "0-1"]
[WhiteElo "1925"]
[BlackElo "2058"]

1.e4 c5 2.Ne2 Nc6 3.Nbc3 g6 4.g3 Bg7 5.Bg2 e6 6.O-O Nge7 7.f4 d6 8.d3 Rb8
9.Be3 Nd4 10.Qd2 O-O 11.Rae1 b5 12.Nd1 b4 13.Bf2 a5 14.c3 Nxe2+ 15.Qxe2 bxc3
16.bxc3 Bd7 17.e5 Bc6 18.Nb2 Bxg2 19.Kxg2 dxe5 20.fxe5 Qd5+ 21.Kg1 Nc6 22.Na4 Nxe5
23.Bxc5 Rfd8 24.Bd4 Nc6 25.Bxg7 Kxg7 26.d4 Rf8 27.Qg2 Qd6 28.Nc5 Ne7 29.Ne4 Qd5
30.Qh3 h6 31.Nf6 Qc6 32.g4 Rb5 33.Re5 Rxe5 34.dxe5 Qc5+ 35.Rf2 Rd8 36.Qf3 Qxe5
37.Ne8+ Kh8 38.Qxf7 Qe1+ 39.Kg2 Qe4+ 40.Qf3 Qxf3+ 41.Rxf3 Rxe8 42.Rf6 Nd5
43.Rxg6 Kh7  0-1

[Event "EU-chG18"]
[Site "Herceg Novi MNE"]
[Date "2006.09.14"]
[Round "5"]
[White "Craciun,P"]
[Black "Kuzevanova,E"]
[Result "1-0"]
[WhiteElo "2044"]
[BlackElo "2197"]

1.e4 c5 2.Nc3 Nc6 3.Bb5 Nd4 4.Bc4 g6 5.Nf3 Bg7 6.Nxd4 cxd4 7.Qf3 e6 8.Nb5 d6
9.Qa3 Ke7 10.c3 dxc3 11.dxc3 a6 12.Be2 Rb8 13.Nd4 Qc7 14.Be3 e5 15.Nf3 Bg4
16.Rd1 Rd8 17.O-O Bxf3 18.Bxf3 Ke8 19.Be2 Ne7 20.Qb3 Qd7 21.Rd2 Nc8 22.Bc4 h5
23.f4 Bh6 24.Rf3 Qe7 25.Kh1 b5 26.Bd5 Rf8 27.Bc6+ Rd7 28.Qd5 exf4 29.Bxf4 Bxf4
30.Rxf4 Kd8 31.Bxd7 Kxd7 32.e5 Qe6 33.Qb7+ Ke8 34.Qc6+ Ke7 35.Qc7+ Ke8 36.Re4 f5
37.exd6 Qxe4 38.d7+ Kf7 39.d8=Q+  1-0

[Event "ProMoPro Open"]
[Site "Prague CZE"]
[Date "2006.09.14"]
[Round "6"]
[White "Wichs,J"]
[Black "Karl,W"]
[Result "1-0"]
[WhiteElo "2093"]
[BlackElo "2173"]

1.e4 c5 2.Nf3 Nc6 3.Nc3 g6 4.d4 cxd4 5.Nxd4 Bg7 6.Be3 Nf6 7.Nxc6 dxc6 8.Qxd8+ Kxd8
9.Bc4 e6 10.O-O-O+ Nd7 11.Bc5 Ke8 12.Bd6 Be5 13.f4 Bxd6 14.Rxd6 e5 15.g3 Ke7
16.Rhd1 Nb6 17.Bb3 Bg4 18.R1d2 Be6 19.Bxe6 fxe6 20.fxe5 Rad8 21.Ne2 Nc4 22.Rxd8 Rxd8
23.Rxd8 Kxd8 24.Nd4 Ke7 25.Nf3 Nb6 26.b3 Nd7 27.Kd2 h6 28.Ke3 g5 29.h3 b5
30.Kd4 c5+ 31.Kc3 a5 32.a3 Nb6 33.Ne1 Kd7 34.Kd3 Kc6 35.Nf3 a4 36.Kc3 b4+
37.axb4 a3 38.bxc5 Kxc5 39.b4+ Kb5 40.Kb3  1-0

[Event "ProMoPro Open"]
[Site "Prague CZE"]
[Date "2006.09.15"]
[Round "7"]
[White "Londyn,R"]
[Black "Wichs,J"]
[Result "1-0"]
[WhiteElo "2301"]
[BlackElo "2093"]

1.e4 c5 2.Nc3 Nc6 3.Nf3 d6 4.Bb5 Bd7 5.O-O g6 6.Bxc6 bxc6 7.e5 d5 8.d3 Bg4
9.h3 Bxf3 10.Qxf3 e6 11.Na4 Qa5 12.b3 Bg7 13.Qe2 Ne7 14.Ba3 Nc8 15.Bxc5 Nb6
16.Nxb6 axb6 17.Bd6 Qc3 18.a4 h5 19.Ra2 h4 20.Qe1 Qd4 21.Qe3 c5 22.Qxd4 cxd4
23.b4 Kd7 24.a5 Ra6 25.Rfa1 b5 26.Re1 Bf8 27.Bxf8 Rxf8 28.g3 Ke7 29.Kg2 f5
30.gxh4 Kf7 31.f4 Rc6 32.a6 Rfc8 33.a7 Ke7 34.Kf3 Kd7 35.Rg1  1-0

[Event "TCh-ESP Honor Gp2"]
[Site "San Sebastian ESP"]
[Date "2006.09.15"]
[Round "3"]
[White "Villalba Izquierdo,P"]
[Black "Llanes Hurtado,M"]
[Result "0-1"]
[WhiteElo "2162"]
[BlackElo "2435"]

1.e4 c5 2.Nc3 Nc6 3.Nf3 g6 4.d4 cxd4 5.Nxd4 Bg7 6.Be3 Nf6 7.Bc4 O-O 8.Bb3 d6
9.f3 Bd7 10.Qd2 Nxd4 11.Bxd4 b5 12.Nd5 Nxd5 13.Bxg7 Kxg7 14.Bxd5 Rc8 15.h4 h6
16.Qd4+ f6 17.c3 Qc7 18.h5 g5 19.Qd3 Qc5 20.a3 a5 21.Bb3 b4 22.cxb4 axb4
23.a4 Qe5 24.O-O Be8 25.a5 Bb5 26.Qd2 Bxf1 27.Kxf1 Rc7 28.a6 Rfc8 29.Qd5 Rc1+
30.Rxc1 Rxc1+ 31.Kf2 Qxb2+ 32.Kg3 Qe5+  0-1

[Event "TCh-FIN 2006-7"]
[Site "Espoo FIN"]
[Date "2006.09.16"]
[Round "1"]
[White "Nieminen,K"]
[Black "Penttinen,J"]
[Result "1/2-1/2"]
[WhiteElo "2190"]
[BlackElo "2304"]

1.e4 c5 2.Nc3 Nc6 3.Nge2 Nf6 4.g3 e6 5.Bg2 Be7 6.O-O d6 7.d3 Rb8 8.a4 a6
9.h3 b5 10.axb5 axb5 11.Bf4 b4 12.Nb1 Bb7 13.Nd2 O-O 14.g4 Nd7 15.Bh2 Nb6
16.f4 f5 17.Ng3 fxe4 18.Ngxe4 d5 19.Ng5 Bc8 20.Ngf3 Rb7 21.Qe1 Bd6 22.Nb3 c4
23.Nbd4 Nxd4 24.Nxd4 Bc5 25.c3 cxd3 26.Kh1 Re8 27.Nc6 Qf6 28.Ne5 bxc3 29.Qxc3 Bd6
30.Qxd3 Bxe5 31.fxe5 Qe7 32.Bg1 Nc4 33.b3 Nxe5 34.Qe3 Ng6 35.Ra8 Bd7 36.Rxe8+ Bxe8
37.Rb1 Rb4 38.Bf2 Rb8 39.Kg1 Bf7 40.Bg3 e5 41.h4 Re8 42.h5 Nf8 43.b4 Qd7
44.Qe2 d4 45.Qe4 Qb5 46.Kh2 Nd7 47.Qc6 Qd3 48.Rf1 Nf6 49.Rxf6 gxf6 50.Qxf6 Qc2
51.Bxe5 Rxe5 52.Qxe5 d3 53.Qg5+ Kf8 54.Qd8+ Be8 55.Qf6+ Bf7 56.Qd6+ Ke8 57.Kg3 Bb3
58.Bc6+ Kf7 59.Qf4+ Ke7 60.Qc7+ Ke6 61.Qd7+ Ke5 62.Qg7+ Kd6 63.Be4  1/2-1/2

[Event "TCh-FIN 2006-7"]
[Site "Joensuu FIN"]
[Date "2006.09.16"]
[Round "1"]
[White "Linnanen,L"]
[Black "Saastamoinen,A"]
[Result "1-0"]
[WhiteElo "2179"]
[BlackElo "2175"]

1.e4 c5 2.Nf3 Nc6 3.Nc3 d6 4.d4 cxd4 5.Nxd4 e5 6.Nf3 h6 7.Bc4 Nf6 8.h3 a6
9.a4 b6 10.Be3 Bb7 11.Nd5 Nxd5 12.Bxd5 Qc7 13.O-O Be7 14.c3 Na5 15.Bxb7 Qxb7
16.Nd2 Rc8 17.Qg4 Bf6 18.Rfd1 Ke7 19.Qe2 Bg5 20.Bxg5+ hxg5 21.b4 Nc6 22.Nc4 Rh6
23.Qd2 Qc7 24.Qxg5+ Kf8 25.Ne3 Rg6 26.Qh5 Ne7 27.Qh8+ Ng8 28.Nd5 Qd8 29.Qh5 Rh6
30.Qe2 a5 31.Rd3 axb4 32.cxb4 Ne7 33.Nxe7 Kxe7 34.a5 bxa5 35.bxa5 Ra8 36.a6 Qb6
37.Rdd1 Kf8 38.Rdb1 Qd8 39.a7 Re6 40.Rb7 Re8 41.Qa2 Re7 42.Rab1 Rc7 43.Qa6 Kg8
44.Qb6  1-0

[Event "ProMoPro Open"]
[Site "Prague CZE"]
[Date "2006.09.16"]
[Round "8"]
[White "Wichs,J"]
[Black "Vedral,O"]
[Result "0-1"]
[WhiteElo "2093"]
[BlackElo "2242"]

1.e4 c5 2.Nf3 Nc6 3.Nc3 d6 4.d4 cxd4 5.Nxd4 Nf6 6.Bc4 e6 7.Be3 Be7 8.Qe2 O-O
9.O-O-O a6 10.Bb3 Qc7 11.g4 Na5 12.g5 Nxb3+ 13.axb3 Nd7 14.Rhg1 b5 15.Nf5 exf5
16.Nd5 Qd8 17.exf5 Re8 18.Qh5 g6 19.Qh6 Bf8 20.Qh4 Bb7 21.Bb6 Qc8 22.Rg3 Bxd5
23.Bd4 Ne5 24.f4 Qxf5  0-1

[Event "EU-chG18"]
[Site "Herceg Novi MNE"]
[Date "2006.09.17"]
[Round "7"]
[White "Paulet,I"]
[Black "Kubikova,A"]
[Result "1-0"]
[WhiteElo "2123"]
[BlackElo "2149"]

1.e4 c5 2.Nc3 Nc6 3.Bb5 Nd4 4.Bc4 g6 5.Nf3 Bg7 6.Nxd4 cxd4 7.Qf3 e6 8.Nb5 Be5
9.c3 dxc3 10.d4 a6 11.dxe5 axb5 12.Bb3 f6 13.O-O fxe5 14.Qxc3 d6 15.f4 Qb6+
16.Be3 Qc6 17.Qd3 Nf6 18.Rad1 Nxe4 19.fxe5 Nc5 20.Bxc5 Qxc5+ 21.Kh1 d5 22.Rc1 Qb4
23.a3 Qe7 24.Qxb5+ Qd7 25.Qb6 Ra6 26.Qf2 Ra8 27.Qf6 Rg8 28.Ba4 Rxa4 29.Rxc8+ Qxc8
30.Qf7+ Kd8 31.Qxg8+ Kc7 32.Rf8 Qd7 33.Rf7 Rc4 34.Rxd7+ Kxd7 35.Qxh7+ Kc6
36.h3 d4 37.Qe7 Kd5 38.Qd6+ Ke4 39.Qxe6 Rc1+ 40.Kh2 d3 41.Qxg6+ Kd4 42.Qd6+  1-0

[Event "EU-chB18"]
[Site "Herceg Novi MNE"]
[Date "2006.09.17"]
[Round "7"]
[White "Serban,V"]
[Black "Enchev,I"]
[Result "0-1"]
[WhiteElo "2127"]
[BlackElo "2238"]

1.e4 c5 2.Nc3 Nc6 3.Bb5 Nd4 4.Bc4 e6 5.Nge2 Ne7 6.Nxd4 cxd4 7.Nb5 Nc6 8.c3 Qb6
9.Qe2 a6 10.Nxd4 Nxd4 11.cxd4 Qxd4 12.a4 Bc5 13.O-O O-O 14.d3 Qe5 15.Ra2 f5
16.b4 Bxb4 17.Bb2 Qd6 18.Qh5 fxe4 19.dxe4 Qf4 20.Bd3 Qf7 21.Qg4 e5 22.Qe2 d6
23.Bc1 Be6 24.Rb2 Bc5 25.Be3 Rac8 26.Kh1 Rc7 27.a5 h6 28.f3 Rfc8 29.Rbb1 Bxe3
30.Qxe3 Rc5 31.f4 exf4 32.Rxf4 Qc7 33.Rbf1 Re5 34.Qf2 Qxa5 35.Rf8+ Rxf8 36.Qxf8+ Kh7
37.Qxd6 Qc5 38.Qb8 Bc4 39.Bxc4 Qxc4 40.Qf8 Qxe4 41.h3 Rg5 42.Rf2 a5 43.Kh2 a4
44.g4 Rd5 45.Qf7 Rd1  0-1

[Event "EU-chG18"]
[Site "Herceg Novi MNE"]
[Date "2006.09.17"]
[Round "7"]
[White "Ikonomopoulou,M"]
[Black "Kuzevanova,E"]
[Result "0-1"]
[WhiteElo "1976"]
[BlackElo "2197"]

1.e4 c5 2.Nf3 Nc6 3.Nc3 Nf6 4.Bb5 d6 5.d4 cxd4 6.Qxd4 Bd7 7.Bxc6 Bxc6 8.Bg5 e6
9.O-O-O Be7 10.Rhe1 O-O 11.Kb1 h6 12.Bh4 Re8 13.Bg3 d5 14.Ne5 Qa5 15.exd5 Bxd5
16.Nxd5 Nxd5 17.c4 Nb4 18.a3 Nc6 19.Qe4 Nxe5 20.Bxe5 Rad8 21.Bc3 Qc7 22.Rxd8 Rxd8
23.Qg4 Bf8 24.h4 Rc8 25.Qd4 Qxc4 26.Qxa7 Qd3+ 27.Ka2 Rxc3 28.bxc3 Qc2+ 29.Ka1 Qxc3+
30.Ka2 Qxe1 31.Qxb7 Qxf2+ 32.Kb1 Qe1+ 33.Kc2 Qa1 34.g4 Qxa3 35.g5 Qc5+  0-1

[Event "TCh-ESP Honor Gp2"]
[Site "San Sebastian ESP"]
[Date "2006.09.17"]
[Round "5"]
[White "Fernandez Romero,Ern"]
[Black "Llanes Hurtado,M"]
[Result "1/2-1/2"]
[WhiteElo "2436"]
[BlackElo "2435"]

1.e4 c5 2.Ne2 Nc6 3.Nbc3 g6 4.d4 cxd4 5.Nxd4 Bg7 6.Be3 Nf6 7.Bc4 Na5 8.Be2 d6
9.O-O O-O 10.Re1 Bd7 11.Nb3 Bc6 12.Nd5 Nxb3 13.axb3 e6 14.Nxf6+ Bxf6 15.c3 Bxe4
16.Bxa7 Bc6  1/2-1/2

[Event "EU-chB18"]
[Site "Herceg Novi MNE"]
[Date "2006.09.18"]
[Round "8"]
[White "Bitalzadeh,A"]
[Black "Rojicek,V"]
[Result "1-0"]
[WhiteElo "2339"]
[BlackElo "2235"]

1.e4 c5 2.Nc3 Nc6 3.Nf3 g6 4.d4 cxd4 5.Nxd4 Bg7 6.Be3 Nf6 7.Bc4 O-O 8.Bb3 d6
9.f3 Bd7 10.Qd2 Rc8 11.O-O-O Ne5 12.h4 h5 13.Bg5 Rc5 14.f4 Nc4 15.Qd3 b5
16.e5 Qa5 17.exf6 exf6 18.Ne4 fxg5 19.hxg5 Rfc8 20.Kb1 Bg4 21.Rde1 Rd5 22.Nf6+ Bxf6
23.gxf6 Bf5 24.Bxc4 Bxd3 25.Bxd5 Bc4 26.Bxc4 bxc4 27.g4 Qd2 28.c3 Rb8 29.Nc2 Qxf4
30.gxh5 g5 31.Re2 Qxf6 32.Nd4 Kh7 33.a3 g4 34.Ka2 Rg8 35.Ree1 g3 36.Rhf1 Qg7
37.Nf5 Qf8 38.Rg1 Rg5 39.Nxg3 Qg8 40.Ne2 Rxg1 41.Rxg1 Qe8 42.Nd4 Qe5 43.Rf1 Qxh5
44.Rf5 Qg6 45.Ra5 Qe4 46.Rxa7 Qd5 47.Re7 Kg6 48.Re8 Kg5 49.Rb8 Qe4 50.a4 f5
51.a5 Qe5 52.Nf3+  1-0

[Event "Open A"]
[Site "Graz AUT"]
[Date "2006.09.19"]
[Round "4"]
[White "Kokol,P"]
[Black "Sarre,S"]
[Result "1-0"]
[WhiteElo "2165"]
[BlackElo "2080"]

1.e4 c5 2.Nc3 Nc6 3.Nf3 d6 4.d4 cxd4 5.Nxd4 e5 6.Ndb5 a6 7.Na3 b5 8.Nd5 Nge7
9.c4 Nd4 10.Be3 Nxd5 11.cxd5 Be7 12.Bd3 O-O 13.O-O Bf6 14.Bxd4 exd4 15.f4 g6
16.Re1 Re8 17.Qf3 Bd7 18.Re2 Bg7 19.Rae1 Qh4 20.g3 Qh3 21.Qf2 Bg4 22.Rd2 f5
23.Nc2 fxe4 24.Bxe4 Bf5 25.Bg2 Qh5 26.Rxe8+ Rxe8 27.Nxd4 Bh3 28.Bxh3 Qxh3
29.Ne6 Qf5 30.Qa7 Bf6 31.Qd7 Ra8 32.Qc6 Rb8 33.Qxd6 Rc8 34.Qxa6 Qb1+ 35.Kg2 Qc1
36.Re2 Qc4 37.Rd2 Bxb2 38.Ng5 Re8 39.Qb7 Re2+ 40.Kh3 Bg7 41.Rxe2 Qxe2 42.Qc8+  1-0

[Event "1st TCH-MNE"]
[Site "Herceg Novi MNE"]
[Date "2006.09.22"]
[Round "1"]
[White "Kalezic,B"]
[Black "Popadic,Dr"]
[Result "1/2-1/2"]
[WhiteElo "2433"]
[BlackElo "2288"]

1.e4 c5 2.Nf3 Nc6 3.Nc3 e5 4.Bc4 Be7 5.d3 d6 6.Nd2 Nf6 7.Nf1 O-O 8.a3 Bg4
9.f3 Be6 10.Ne3 Nh5 11.O-O Bg5 12.g3 Bxe3+ 13.Bxe3 Nf6 14.Bg5 h6 15.Bxf6 Qxf6
16.Nd5 Qd8 17.f4 exf4 18.Rxf4 Ne7 19.Qd2 Bxd5 20.Bxd5 Nxd5 21.exd5 Qd7 22.Raf1 Rae8
23.b4 b6 24.bxc5  1/2-1/2

[Event "TCh-NED 2006-7"]
[Site "Netherlands NED"]
[Date "2006.09.23"]
[Round "1"]
[White "Berelovich,A"]
[Black "Van der Wiel,J"]
[Result "1-0"]
[WhiteElo "2568"]
[BlackElo "2508"]

1.e4 c5 2.Ne2 Nc6 3.Nbc3 d6 4.d4 cxd4 5.Nxd4 Nf6 6.Bg5 e6 7.Qd2 a6 8.O-O-O Bd7
9.f3 Be7 10.Kb1 Qc7 11.h4 h6 12.Be3 h5 13.Bg5 Ne5 14.Bd3 b5 15.Rhe1 b4 16.Nce2 Qb6
17.Be3 Qb7 18.Ng3 a5 19.Bg5 Qb6 20.Be2 Rc8 21.b3 Rc3 22.Bf1 a4 23.Nde2 axb3
24.cxb3 Rd3 25.Qc2 Rxd1+ 26.Rxd1 g6 27.Qd2 O-O 28.Qf4 Qd8 29.Nd4 Re8 30.Nb5 Qa5
31.Nxd6 Ra8 32.Qd2 Kg7 33.Nc4 Nxc4 34.Bxc4 Bc6 35.Qb2 Rd8 36.Rxd8 Qxd8 37.Qd2 Qc7
38.Ne2 Qe5 39.Qd4 Qa5 40.Qb2 e5 41.Qd2 Qc5 42.Bh6+ Kh7 43.Be3 Qa5 44.Bxf7 Nxe4
45.Qc2 Qa8 46.Bxg6+ Kxg6 47.Ng3 Bxh4 48.Nxe4 Bxe4 49.Qxe4+ Qxe4+ 50.fxe4 Be7
51.g3 h4 52.gxh4 Bxh4 53.Bc5 Be1 54.Bd6  1-0

[Event "2nd Geller Mem Open-A"]
[Site "Odessa UKR"]
[Date "2006.09.23"]
[Round "5"]
[White "Shilin,D"]
[Black "Fiodorov,M"]
[Result "1-0"]
[WhiteElo "2392"]
[BlackElo "2191"]

1.e4 c5 2.Nc3 Nc6 3.Bb5 Nd4 4.a4 g6 5.Nge2 a6 6.Bc4 Nc6 7.O-O Bg7 8.f4 d6
9.f5 Nf6 10.d3 gxf5 11.exf5 d5 12.Ba2 O-O 13.Bg5 e6 14.Ng3 Ne7 15.fxe6 fxe6
16.Nh5 Nxh5 17.Qxh5 Qe8 18.Qxe8 Rxe8 19.Rfe1 Kf7 20.Re2 Nf5 21.Rf1 Kg6 22.Nxd5 Kxg5
23.h4+ Kg6 24.g4 Ng3 25.Nf4+ Kf7 26.Nxe6+ Ke7 27.Ree1 Bxe6 28.Rxe6+ Kd8 29.Rf7 Bd4+
30.Kg2 Ne2 31.c3 Be5 32.Rxe8+ Kxe8 33.Rxh7 b5 34.Kf3 Nxc3 35.bxc3 Bxc3 36.axb5 axb5
37.Bd5 Rb8 38.g5 b4 39.g6 Rd8 40.Bc4 b3 41.g7 Bxg7 42.Rxg7 b2 43.Rb7  1-0

[Event "X Itau Cup"]
[Site "Sao Paulo BRA"]
[Date "2006.09.23"]
[Round "1"]
[White "De Albuquerque,A"]
[Black "Diamant,A"]
[Result "0-1"]
[WhiteElo "1812"]
[BlackElo "2306"]

1.e4 c5 2.Nf3 Nc6 3.Nc3 g6 4.d4 cxd4 5.Nxd4 Bg7 6.Be3 Nf6 7.Be2 O-O 8.O-O d6
9.h3 Bd7 10.Qd2 Rc8 11.Rac1 Ne5 12.Rfd1 Nc4 13.Bxc4 Rxc4 14.f3 a6 15.Nce2 b5
16.c3 Qb8 17.Qe1 Rfc8 18.a3 d5 19.exd5 Nxd5 20.Bf2 e5 21.Nc2 Be6 22.Ne3 Nxe3
23.Bxe3 a5 24.Qd2 R4c6 25.Bh6 Bb3 26.Re1 Qb6+ 27.Be3 Qc7 28.Ng3 Rd8 29.Qf2 f5
30.Bg5 Rd3 31.Nf1 Rcd6 32.Re3 Qd7 33.Rxd3 Rxd3 34.Qb6 a4 35.Qb8+ Kf7 36.Be3 Bf6
37.Bc5 Bg7 38.Re1 Be6 39.h4 Qc8 40.Qa7+ Rd7 41.Qb6 Bf6 42.Bf2 Qc4 43.Qe3 Qb3
44.Qc1 h5 45.Ne3 g5 46.hxg5 Bxg5 47.Qb1 Kf6 48.Rd1 Bxe3 49.Rxd7 Bxf2+ 50.Kxf2 Bxd7
51.Qc1 f4 52.Qb1 Bf5 53.Qa1 Qc2+  0-1

[Event "X Itau Cup"]
[Site "Sao Paulo BRA"]
[Date "2006.09.24"]
[Round "3"]
[White "Guimaraes,W"]
[Black "Leitao,R"]
[Result "0-1"]
[WhiteElo "2247"]
[BlackElo "2598"]

1.e4 c5 2.Nf3 Nc6 3.Nc3 a6 4.d4 cxd4 5.Nxd4 e6 6.g3 d6 7.Bg2 Bd7 8.O-O Nf6
9.a4 Be7 10.b3 O-O 11.Bb2 Rc8 12.h3 Qb6 13.Nxc6 Bxc6 14.Qe2 Rfe8 15.Rad1 Nd7
16.Kh2 Qa5 17.f4 b5 18.axb5 axb5 19.Ra1 Qb6 20.Rfd1 b4 21.Na4 Qb7 22.Rd2 Nf6
23.Bxf6 Bxf6 24.e5 dxe5 25.Nc5 Qe7 26.fxe5 Bg5 27.Bxc6 Rxc6 28.Ne4 Bxd2 29.Qxd2 Qc7
30.Qg5 Rxc2+ 31.Kh1 Qc6  0-1

[Event "Vojvodina Quality League m"]
[Site "Sremska Mitrovica SRB"]
[Date "2006.09.24"]
[Round "4"]
[White "Stupavski,Z"]
[Black "Matic,R"]
[Result "1/2-1/2"]
[WhiteElo "2405"]
[BlackElo "2175"]

1.e4 c5 2.Nc3 Nc6 3.Bb5 e6 4.Bxc6 bxc6 5.d3 d5 6.f4 Nf6 7.Nf3 Ba6 8.e5 Nd7
9.O-O c4 10.d4 Rb8 11.Ne2 g6 12.c3 Be7 13.Rb1 Qa5 14.Bd2 Bb5 15.b4 Qa6 16.Be1 Ba4
17.Qc1 Qc8 18.Bh4 Qd8 19.Bxe7 Qxe7 20.Rf2 Kd8 21.Ng3 Kc7 22.Nf1 Nb6 23.Ne3 Bb5
24.a4 Nxa4 25.Ra2 a6 26.Rba1 Nb6 27.Qe1 Kb7 28.Ng4 Nd7 29.Qh4 Qxh4 30.Nxh4 h6
31.Nf3 Kc7 32.Kf2 Kd8 33.Ke3 Ke7 34.g3 Ra8 35.Ra5 Rab8 36.Nf2 Rbg8 37.R5a2 Nb6
38.Nd2 Kd7 39.Ng4 Ke7 40.Nf6 Ra8 41.Nf1 Ra7 42.g4  1/2-1/2

[Event "Tatry Open"]
[Site "Tatranske Zruby SVK"]
[Date "2006.09.24"]
[Round "2"]
[White "Cvicela,A"]
[Black "Zacik,A"]
[Result "1-0"]
[WhiteElo "2280"]
[BlackElo "2059"]

1.e4 c5 2.Nf3 Nc6 3.Nc3 d6 4.d4 cxd4 5.Nxd4 Nf6 6.Bc4 e6 7.Bb3 a6 8.Be3 Bd7
9.f3 Be7 10.Qd2 Qc7 11.g4 h6 12.h4 O-O-O 13.O-O-O Na5 14.g5 hxg5 15.hxg5 Rxh1
16.Rxh1 Nxb3+ 17.Nxb3 Ne8 18.Qf2 Qb8 19.f4 Bc6 20.Ba7 Qc7 21.Bb6 Qb8 22.Na5 Nc7
23.Ba7 Qa8 24.Nc4 Nd5 25.exd5  1-0

[Event "Vojvodina Quality League m"]
[Site "Sremska Mitrovica SRB"]
[Date "2006.09.25"]
[Round "5"]
[White "Popovic T.,M"]
[Black "Jakovljev,Z"]
[Result "1-0"]
[WhiteElo "2408"]
[BlackElo "2240"]

1.e4 c5 2.Nc3 Nc6 3.Bb5 e6 4.Bxc6 bxc6 5.d3 Rb8 6.f4 d5 7.Nf3 Bd6 8.O-O Ne7
9.e5 Bc7 10.Na4 Bb6 11.c4 Nf5 12.b3 h5 13.Qe2 d4 14.Ng5 Rh6 15.Ba3 Qe7 16.Ne4 Ne3
17.Nd6+ Kf8 18.Nxc5 Kg8 19.Rf2 f5 20.Na4 Qh4 21.Qf3 Rg6 22.Re2 Ng4 23.h3 Ne3
24.Bb4 c5 25.Be1 Qe7 26.Nxc8 Rxc8 27.Bd2 h4 28.Bxe3 dxe3 29.Nxb6 axb6 30.Rxe3 Rd8
31.Kh2 Rd4 32.Qf2 Qd8 33.Rd1 Qa8 34.g3 Kf7 35.Rd2 Qa5 36.Rde2 Qc3 37.gxh4 Rxd3
38.Rxd3 Qxd3 39.Rd2 Qc3 40.h5 Rg3 41.Rd7+  1-0

[Event "1st TCH-MNE"]
[Site "Herceg Novi MNE"]
[Date "2006.09.26"]
[Round "5"]
[White "Rmus,A"]
[Black "Petrovic,Sla SCG"]
[Result "1-0"]
[WhiteElo "2394"]
[BlackElo "2116"]

1.e4 c5 2.Nf3 Nc6 3.Nc3 g6 4.d4 cxd4 5.Nxd4 Bg7 6.Be3 Nf6 7.Nb3 d6 8.Be2 O-O
9.O-O Be6 10.f4 Qc8 11.h3 Rd8 12.Nd4 Nxd4 13.Bxd4 Bc4 14.Bd3 e6 15.Qe2 Nh5
16.Bxg7 Bxd3 17.Qxd3 Nxg7 18.Rad1 Qc5+ 19.Qd4 Rac8 20.Rf2 Qxd4 21.Rxd4 Ne8
22.f5 Kg7 23.fxe6 fxe6 24.Rd3 Rd7 25.e5 Rc5 26.exd6 Rxd6 27.Ne4 Rxd3 28.Nxc5 Rd1+
29.Rf1 Rd6 30.Nxb7 Rb6 31.Nc5 Rxb2 32.Nxe6+ Kh6 33.Rf4 Kh5 34.Rf7 Kh6 35.Re7 Nd6
36.Nd4 Kg5 37.Rxa7 Ne4 38.Rf7 h5 39.a4 Ra2 40.Ne6+ Kh6 41.h4 Ra1+ 42.Kh2 Nd6
43.Ra7 Nf5 44.g3 Ra2 45.Nf8 Ng7 46.Ra6  1-0

[Event "1st TCH-MNE"]
[Site "Herceg Novi MNE"]
[Date "2006.09.27"]
[Round "6"]
[White "Kontic,D"]
[Black "Popadic,Dr"]
[Result "1-0"]
[WhiteElo "2375"]
[BlackElo "2288"]

1.e4 c5 2.Nc3 Nc6 3.Nge2 Nf6 4.d4 cxd4 5.Nxd4 e5 6.Nf5 d5 7.Nxd5 Nxd5 8.Qxd5 Qxd5
9.exd5 Bxf5 10.dxc6 bxc6 11.Bd3 Bxd3 12.cxd3 O-O-O 13.Ke2 Bc5 14.Be3 Bxe3
15.fxe3 Rd5 16.Rac1 Kb7 17.Rc3 Rb5 18.b3 Rd8 19.Rhc1 Rd6 20.Rc5 Kb6 21.Rxb5+ Kxb5
22.Rc4 Rg6 23.g3 Rd6 24.a4+ Kb6 25.b4 Rh6 26.h4 Rg6 27.Kf3 Rd6 28.Ke4 f5+
29.Kxf5 Rxd3 30.Re4 Ra3 31.a5+ Kb5 32.Kxe5 c5 33.bxc5 Kxc5 34.Ke6 Rxa5 35.Re5+ Kb6
36.Rxa5 Kxa5 37.e4 Kb4 38.e5 a5 39.Kf7 a4 40.e6 a3 41.e7 a2 42.e8=Q a1=Q
43.Kg8 Qa6 44.Qe4+ Kc3 45.Qe3+ Kc2 46.Kxh7 Qf6 47.Qg5 Qf3 48.g4 Kd1 49.h5 Qb7
50.Qg6 Qe7 51.g5 Qd7 52.Qxg7 Qf5+ 53.Kh6 Qf4 54.Qa1+ Ke2 55.Qf6 Qe3 56.Kh7  1-0

[Event "USCL"]
[Site "ICC INT"]
[Date "2006.09.27"]
[Round "5"]
[White "Friedel,J"]
[Black "Burnett,R"]
[Result "1-0"]
[WhiteElo "2480"]
[BlackElo "2399"]

1.e4 c5 2.Nf3 Nc6 3.Nc3 e5 4.Bc4 Be7 5.d3 d6 6.O-O Be6 7.Nd5 Nf6 8.Ng5 Bxd5
9.exd5 Na5 10.Bb5+ Kf8 11.f4 a6 12.fxe5 dxe5 13.Bc4 b5 14.d6 bxc4 15.dxe7+ Qxe7
16.Qf3 Rc8 17.Qh3 Rd8 18.Be3 Nc6 19.Rxf6 gxf6 20.Ne4 Qe6 21.Bxc5+ Ke8 22.Rf1 Kd7
23.Qh5 Kc8 24.Rxf6 Qd5 25.Qh6 Nb8 26.Rb6 cxd3 27.cxd3 Qxd3 28.Nd6+ Kc7 29.Rb7+ Kc6
30.Nb5+ Kd5 31.Nc3+ Kc4 32.Rb4+  1-0

[Event "Vojvodina Quality League m"]
[Site "Sremska Mitrovica SRB"]
[Date "2006.09.27"]
[Round "8"]
[White "Popovic T.,M"]
[Black "Indjic,D"]
[Result "1/2-1/2"]
[WhiteElo "2408"]
[BlackElo "2359"]

1.e4 c5 2.Nc3 Nc6 3.Bb5 Nd4 4.Nf3 Nxb5 5.Nxb5 a6 6.Nc3 e6 7.d4 cxd4 8.Qxd4 d6
9.Bg5 f6 10.Bh4 Ne7 11.O-O-O Nc6 12.Qd2  1/2-1/2

[Event "Glassy Stream Masters"]
[Site "Kharkiv UKR"]
[Date "2006.09.28"]
[Round "8"]
[White "Kucherenko,D"]
[Black "Stopkin,V"]
[Result "1-0"]
[WhiteElo "2334"]
[BlackElo "2296"]

1.e4 c5 2.Nf3 Nc6 3.Nc3 g6 4.d4 cxd4 5.Nxd4 Bg7 6.Be3 Nf6 7.Bc4 O-O 8.Bb3 d6
9.f3 Nxd4 10.Bxd4 Be6 11.Qd2 Rc8 12.O-O-O Bxb3 13.cxb3 Rc6 14.Kb1 e6 15.g4 Qa5
16.h4 Rfc8 17.h5 Ra6 18.a3 Qd8 19.h6 Bh8 20.g5 Ne8 21.Bxh8 Kxh8 22.f4 Kg8
23.f5 Ra5 24.fxe6 fxe6 25.Rdf1 d5 26.exd5 exd5 27.Qd4 Qd6 28.Re1 Qd7 29.Rhf1 Nc7
30.Ne4 Nb5 31.Nf6+ Kh8 32.Ne8+  1-0

[Event "Vojvodina Quality League m"]
[Site "Sremska Mitrovica SRB"]
[Date "2006.09.28"]
[Round "9"]
[White "Levnajic,P"]
[Black "Sente,D"]
[Result "1-0"]
[WhiteElo "2251"]
[BlackElo "2032"]

1.e4 c5 2.Nc3 Nc6 3.Nge2 Nf6 4.d4 cxd4 5.Nxd4 e5 6.Ndb5 d6 7.Bg5 a6 8.Bxf6 gxf6
9.Na3 b5 10.Nd5 Bg7 11.c3 f5 12.exf5 Bxf5 13.Nc2 O-O 14.Nce3 Be6 15.g4 b4
16.Bg2 Rb8 17.O-O bxc3 18.bxc3 Ne7 19.Qd3 Rb5 20.Rfd1 Nxd5 21.Bxd5 Rxd5 22.Nxd5 Bxg4
23.f3 Bh3 24.Kh1 a5 25.Rg1 Be6 26.Rad1 f5 27.Ne3 f4 28.Nc4 Kh8 29.Nxd6 Qa8
30.Ne4 h6 31.Qd6 Bf5 32.Rxg7 Kxg7 33.Rg1+ Kf7 34.Qc7+ Ke6 35.Nc5+ Kd5 36.Rd1+ Kc4
37.Nd7+  1-0